|
|
|
|
| LEADER |
00000nas a22000007i 4500 |
| 001 |
ssj0011881 |
| 003 |
WaSeSS |
| 005 |
20200512172242.0 |
| 006 |
m d |
| 007 |
cr n |
| 008 |
020116c18939999ohumr p s 0 a0eng |
| 010 |
|
|
|a 2016202202
|
| 016 |
7 |
|
|a 101082969
|2 DNLM
|
| 022 |
|
|
|a 2473-4551
|y 0036-276X
|
| 035 |
|
|
|a (WaSeSS)ssj0011881
|
| 040 |
|
|
|a HNK
|b eng
|c HNK
|d OCLCQ
|d DLC
|d OCLCQ
|d CUD
|d OCLCQ
|d OCLCF
|d OCLCO
|d OCLCQ
|d DLC
|d NTG
|d AU@
|d DLC
|d WaSeSS
|
| 042 |
|
|
|a pcc
|a nsdp
|
| 050 |
|
4 |
|a BX3601
|b .S36
|
| 082 |
1 |
4 |
|a 255
|2 12
|
| 130 |
0 |
|
|a Saint Anthony messenger (Cincinnati, Ohio)
|
| 210 |
0 |
|
|a St. Anthony messenger
|b (Online)
|
| 222 |
|
0 |
|a St. Anthony messenger
|b (Online)
|
| 245 |
1 |
0 |
|a St. Anthony messenger
|h [electronic resource].
|
| 246 |
1 |
|
|a Saint Anthony messenger
|
| 260 |
|
|
|a Cincinnati, OH :
|b Franciscan Friars of St. John the Baptist Province
|
| 310 |
|
|
|a Monthly
|
| 362 |
1 |
|
|a Print began with: Volume 1, number 1 (June 1892)
|
| 506 |
|
|
|a License restrictions may limit access.
|
| 588 |
|
|
|a Description based on pritn out of: Volume 123, number 11 (April 2016); title from cover.
|
| 588 |
|
|
|a Latest issue consulted: Volume 123, number 11 (April 2016) (print out).
|
| 610 |
2 |
0 |
|a Secular Franciscan Order.
|t Regula Ordinis Franciscani Saecularis
|v Periodicals.
|
| 630 |
0 |
7 |
|a Regula Ordinis Franciscani Saecularis (Secular Franciscan Order)
|2 fast
|0 (OCoLC)fst01360640
|
| 655 |
|
0 |
|a Electronic journals.
|
| 776 |
0 |
8 |
|i Print version:
|t Saint Anthony messenger
|x 0036-276X
|w (DLC)sn 78000233
|w (OCoLC)1589392
|
| 856 |
4 |
0 |
|z Full text available from Research Library: 04/01/1998 to present
|u https://search.proquest.com/publication/35652
|